| 000 | 01064nam a2200289 a 4500 | ||
|---|---|---|---|
| 001 | BRCA_5407 | ||
| 005 | 20190320205050.0 | ||
| 008 | 111208s1936----nyua---###---#000-0#eng-# | ||
| 041 | _aeng | ||
| 044 | _anyu | ||
| 050 | 4 |
_aNK9403 _b.M39 2 1936 |
|
| 100 | 1 |
_aMay, Florence Lewis _98060 |
|
| 245 | 1 | 0 |
_aCatalogue of Laces and Embroideries _bin the collection of the Hispanic Society of America _cby Florence Lewis May. |
| 260 |
_aNueva York _bOrder of the Trustees _c1936 |
||
| 300 |
_axxxiii, 147 p. _bil., 49 láminas _c20 cm. |
||
| 440 | 0 |
_aHispanic notes & monographs: essays, studies, and brief bigraphies issued by the Hispanic Society of America _913818 |
|
| 500 | _aIncluye índice alfabético | ||
| 500 | _aM23 | ||
| 500 | _aEjemplar igual a AA38 | ||
| 504 | _aBibliografía : p. 131-135 | ||
| 650 | 1 | 4 |
_aEncajes _vCatálogos _xColeccionistas y colecciones _98061 |
| 650 | 1 | 4 |
_aBordado _vCatálogos _98062 |
| 650 | 1 | 4 |
_aGalerías y museos _zEstados Unidos _97437 |
| 710 | 2 |
_aThe Hispanic Society of America _910966 |
|
| 902 | _aGFM | ||
| 942 |
_2lcc _cB |
||
| 999 |
_c5101 _d5101 |
||